01068 2200361 4500001002100000005001500021035002000036007000300056040001700059100002900076245009500105250001000200300003400210041000800244082001100252084001700263090002100280264003600301336002100337337003000358338002300388650001200411850001000423008004100433020002200474700004700496700004100543500002800584504002500612990002300637990002300660990002300683INLIS00000000000744120260602023609 a0010-0822000415ta aSBPUPADbind0 aWulan SuciptoePengarang1 aSegarnya Minuman Ala Cafe /cWulan Sucipto, Ike K. Hermawan; penyunting, Septi Rinasusanti aCet.1 aiv, 54 hlm :bilus ;c21,5 cm0 aind a641.87 a641.87 WUL h a641.4 ROS b 20-8 aJakarta :bKriya Pustaka,c2014 2rdacontentateks 2rdamediaatanpa perantara 2rdacarrieravolume 4aMinuman aPUPAD260602 0  a978-602-213-008-60 aPengarang Ke-2 ,Ike K. HermawanePengarang0 aEditor, Septi RinasusantiePengarang aTentang penulis, hlm 55 aBibliografi, hlm 56 a23.190/B/KAPD/2016 a23.191/B/KAPD/2016 a23.192/B/KAPD/2016